000 02161cam a2200301 i 4500
003 DO-SdBNP
005 20240624132112.0
007 ta
008 240621s2000 sp 000 f spa d
020 _a8466300708
040 _aDO-SdBNP
_cspa
_dBNPHU
_erda
082 _a863.64
_bM333m, 2000
_222
100 1 _aMarías, Javier
_d1951-
_917831
_eautor
245 1 0 _aMañana en la batalla piensa en mí /
_cJavier Marías.
264 1 _aMadrid, España :
_bSuma de letras,
_c2000.
300 _a423 páginas
_c18 cm.
336 _2rdacontent
_atexto
_btxt
337 _2rdamedia
_asin mediación
_bn
338 _2rdacarrier
_avolumen
_bnc
490 1 _aPunto de lectura
_v4/5
500 _aUna intensa narración sobre asuntos que nos atañen a todos: sobre el ocultamiento, los hechos y las intenciones; sobre el actuar sin saber y la voluntad que casi nunca se cumple; sobre la negación de las personas que una vez quisimos y el olvido y la indecisión; sobre la despedida, y también sobre el engaño.
520 _aLa hechizante primera frase de esta novela ya dice mucho, quizá demasiado: "Nadie piensa nunca que pueda ir a encontrarse con una muerta entre los brazos y que ya no verá más su rostro cuyo nombre recuerda". Esto es lo que ocurre al narrador, Víctor Frances, guionista de televisión y "negro" o "escritor fantasma", encargado de redactar los discursos de la gente importante e ignorante. Recientemente divorciado, es invitado a cenar a su casa por Marta Tellez, mujer casada cuyo marido está de viaje y madre de un niño de dos años. Tras la cena galante, el hombre y la mujer pasan al dormitorio donde, "aún medio vestidos y medio desvestidos", ella empieza a sentirse mal hasta que agoniza y muere en una escena sobrecogedora. Esa infidelidad no consumada se convierte así en una especie de "encantamiento", con problemas bien reales e inmediatos: que hacer con el cadáver, avisar o no avisar, que hacer respecto al marido, que hacer con el niño dormido,
590 _aInventariado, 2024/ YL
650 4 _aNovela española
_91123
650 4 _aLiteratura española
_9632
910 _aYLockward
942 _2ddc
_cLBS1
999 _c56923
_d56923